| 000 -LEADER |
| fixed length control field |
01631nam a22001577a 4500 |
| 008 - FIXED-LENGTH DATA ELEMENTS--GENERAL INFORMATION |
| fixed length control field |
230328b ||||| |||| 00| 0 eng d |
| 100 ## - MAIN ENTRY--PERSONAL NAME |
| Personal name |
Shannon, Brooke Nicole |
| 245 ## - TITLE STATEMENT |
| Title |
Can institutional reform have a lasting impact on the policy agenda: Evidence from the 10-1 in Austin, TX |
| 260 ## - PUBLICATION, DISTRIBUTION, ETC. (IMPRINT) |
| Place of publication, distribution, etc |
Urban Affairs Review |
| 300 ## - PHYSICAL DESCRIPTION |
| Extent |
58(6), Nov, 2022: p.1689-1718 |
| 520 ## - SUMMARY, ETC. |
| Summary, etc |
Institutional reforms to districted city councils from at-large systems are typically motivated by the desire to increase geographic and descriptive representation, enriching representation for historically excluded groups. The policy impact of descriptive representation, however, has been found to be conditional and not definitive. In this article, I explore whether institutional reform from at-large to districts has effects on a city council's policy agenda, or whether institutional constraints can quell the reform's impacts. I look to the “10-1” reform in Austin, Texas, implemented in 2015, using an original dataset collected from items in the council's 2009–2019 meeting minutes for a direct measure of the agenda. After coding each item for policy substance and testing the agenda's diversity, I find that the reform had short-term effects on the policy agenda. Instead, local government's agenda is largely driven by external problems and pragmatic needs facing the city. Consequently, the effects of reform are overwhelmed by institutional stickiness. – Reproduced |
| 650 ## - SUBJECT ADDED ENTRY--TOPICAL TERM |
| Topical term or geographic name as entry element |
Agenda setting, Institutional reform, City councils. |
| 9 (RLIN) |
37009 |
| 773 ## - HOST ITEM ENTRY |
| Main entry heading |
Urban Affairs Review |
| 906 ## - LOCAL DATA ELEMENT F, LDF (RLIN) |
| Subject DIP |
URBAN POLICY |
| 942 ## - ADDED ENTRY ELEMENTS (KOHA) |
| Item type |
Articles |